Statistics for reputation Album

Click here to take the quiz!

General Stats

  • This quiz has been taken 121 times
  • The average score is 13 of 15

Answer Stats

Tracks% Correct
1...Ready for it?
97%
9Getaway Car
95%
6Look What You Made Me Do
93%
15New Year's Day
92%
13This Is Why We Can't Have Nice Things
92%
5Delicate
90%
2End Game (feat. Ed Sheeran and Future)
90%
8Gorgeous
89%
4Don't Blame Me
88%
12Dress
88%
10King Of My Heart
88%
7So It Goes...
85%
3I Did Something Bad
82%
14Call It What You Want
81%
11Dancing With Our Hands Tied
78%

Score Distribution

Percentile by Number Answered

Percent of People with Each Score

Your Score History

You have not taken this quiz